Health and safety update (Record no. 113074)

MARC details
000 -LEADER
fixed length control field 00803cad a22001935a 4500
001 - CONTROL NUMBER
control field L154624
008 - FIXED-LENGTH DATA ELEMENTS--GENERAL INFORMATION
fixed length control field 120106s2012 xxk f 000 0 eng d
035 ## - SYSTEM CONTROL NUMBER
System control number (Sirsi) u154624
041 0# - LANGUAGE CODE
Language code of text/sound track or separate title eng
110 2# - MAIN ENTRY--CORPORATE NAME
Corporate name or jurisdiction name as entry element Strutt & Parker Farm Research Group
9 (RLIN) 6000
245 00 - TITLE STATEMENT
Title Health and safety update
Remainder of title January 2012
Medium [electronic resource]
260 ## - PUBLICATION, DISTRIBUTION, ETC.
Place of publication, distribution, etc. [S.l.]
Name of publisher, distributor, etc. Strutt & Parker
Date of publication, distribution, etc. 2012
520 ## - SUMMARY, ETC.
Summary, etc. Quarterly health and safety update relating to farms and estates. Includes information on manual handling, working at height, asbestos and pesticides.
590 ## - LOCAL NOTE (RLIN)
Local note KA
651 #4 - SUBJECT ADDED ENTRY--GEOGRAPHIC NAME
Geographic name United Kingdom
Chronological subdivision
690 ## - LOCAL SUBJECT ADDED ENTRY--TOPICAL TERM (OCLC, RLIN)
Topical term or geographic name as entry element RURAL ESTATE MANAGEMENT
856 40 - ELECTRONIC LOCATION AND ACCESS
Uniform Resource Identifier <a href="https://www.struttandparker.com/media/309687/research_frg_healthsafetyupdate_jan2012.pdf">https://www.struttandparker.com/media/309687/research_frg_healthsafetyupdate_jan2012.pdf</a>
Public note view the item free of charge at www.struttandparker.com
942 ## - ADDED ENTRY ELEMENTS (KOHA)
Suppress in OPAC 0
Holdings
Withdrawn status Lost status Source of classification or shelving scheme Damaged status Not for loan Home library Current library Shelving location Date acquired Total Checkouts Full call number Barcode Date last seen Copy number Price effective from Koha item type
    Dewey Decimal Classification     Virtual Virtual Online 06/01/2012   ONLINE PUBLICATION 154624-2001 06/08/2019 1 06/08/2019 Book